Исследование растворимости фторидных комплексов различных элементов в растворах фторида аммония; Химия и химическая технология в XXI веке

Bibliographic Details
Parent link:Химия и химическая технология в XXI веке.— 2018.— [С. 421-422]
Main Author: Попов А. В.
Corporate Author: Национальный исследовательский Томский политехнический университет Инженерная школа ядерных технологий Отделение ядерно-топливного цикла
Other Authors: Кантаев А. С. Александр Сергеевич (научный руководитель)
Summary:Заглавие с экрана
Language:Russian
Published: 2018
Series:Химическая технология редких элементов
Subjects:
Online Access:http://earchive.tpu.ru/handle/11683/49866
Format: Electronic Book Chapter
KOHA link:https://koha.lib.tpu.ru/cgi-bin/koha/opac-detail.pl?biblionumber=627012

MARC

LEADER 00000naa2a2200000 4500
001 627012
005 20231226110123.0
035 |a (RuTPU)RU\TPU\conf\26694 
035 |a RU\TPU\conf\26687 
090 |a 627012 
100 |a 20180810d2018 k y0rusy50 ca 
101 0 |a rus 
102 |a RU 
105 |a y z 101zy 
135 |a drgn ---uucaa 
181 0 |a i  
182 0 |a b 
200 1 |a Исследование растворимости фторидных комплексов различных элементов в растворах фторида аммония  |f А. В. Попов  |g науч. рук. А. С. Кантаев 
203 |a Текст  |c электронный 
225 1 |a Химическая технология редких элементов 
300 |a Заглавие с экрана 
320 |a [Библиогр.: с. 422 (3 назв.)] 
463 0 |0 (RuTPU)RU\TPU\conf\26227  |t Химия и химическая технология в XXI веке  |o материалы XIX Международной научно-практической конференции студентов и молодых ученых имени профессора Л. П. Кулёва, 21-24 мая 2018 г., г. Томск  |f Национальный исследовательский Томский политехнический университет  |v [С. 421-422]  |d 2018 
610 1 |a электронный ресурс 
610 1 |a труды учёных ТПУ 
610 1 |a растворимость 
610 1 |a фторидные комплексы 
610 1 |a растворы 
610 1 |a элементы 
610 1 |a фторид аммония 
610 1 |a минеральное сырье 
610 1 |a титан 
610 1 |a примеси 
610 1 |a очистка 
700 1 |a Попов  |b А. В. 
702 1 |a Кантаев  |b А. С.  |c химик-технолог  |c доцент Томского политехнического университета, кандидат наук  |f 1981-  |g Александр Сергеевич  |4 727  |9 12916 
712 0 2 |a Национальный исследовательский Томский политехнический университет  |b Инженерная школа ядерных технологий  |b Отделение ядерно-топливного цикла  |3 (RuTPU)RU\TPU\col\23554 
801 2 |a RU  |b 63413507  |c 20180821  |g RCR 
856 4 |u http://earchive.tpu.ru/handle/11683/49866 
942 |c BK